Marketing v dopravě

Saved in:
Bibliographic Details
Main Authors Šaradín, Pavel (Author), Řezníček, Bohumil, 1929- (Author)
Format Book
LanguageCzech
Published Praha : Grada, 2001
Edition1. vyd.
SeriesManažer
Subjects
ISBN8024700514
Physical Description197 s.

Cover

LEADER 00000cam a22000007a 4500
001 8278
003 CZ-ZlUTB
005 20190825232317.0
008 011001s2001 xr |||||r|||||||||||cze|d
020 |a 8024700514 
040 |a ZLD002  |b cze  |c ZLD002  |d ZLD002 
080 |a 656  |2 v 
080 |a 658.8  |2 v 
100 1 |a Šaradín, Pavel  |4 aut 
245 1 0 |a Marketing v dopravě /  |c Bohumil Řezníček, Pavel Šaradín 
250 |a 1. vyd. 
260 |a Praha :  |b Grada,  |c 2001 
300 |a 197 s. 
490 1 |a Manažer 
650 0 4 |a DOPRAVA 
650 0 4 |a MARKETING 
700 1 |a Řezníček, Bohumil,  |d 1929-  |7 jk01110113  |4 aut 
830 0 |a Manažer 
910 |a ZLD002 
952 |0 0  |1 0  |4 0  |6 339138ŘEZNÍČEKB  |7 0  |8 BOOK  |9 14057  |a UTBZL  |b UTBZL  |c 006  |d 2006-07-29  |l 11  |o 339.138/ŘEZNÍČEK,B.  |p 420010077953  |r 2024-12-05 00:00:00  |s 2024-11-22  |v 198.00  |w 2019-08-25  |x N:nákup - dotace KFMZ 2002 | 20100831  |y 04 
952 |0 0  |1 0  |4 0  |6 339138ŘEZNÍČEKB  |7 0  |8 BOOK  |9 14058  |a UTBZL  |b UTBZL  |c 030  |d 2006-07-29  |l 15  |o 339.138/ŘEZNÍČEK,B.  |p 420010077954  |r 2019-08-25 00:00:00  |v 198.00  |w 2019-08-25  |x N:nákup - dotace KFMZ 2002 | 20100831  |y 05 
952 |0 0  |1 0  |4 0  |6 339138ŘEZNÍČEKB  |7 0  |8 BOOK  |9 14059  |a UTBZL  |b UTBZL  |c 030  |d 2006-07-29  |l 15  |o 339.138/ŘEZNÍČEK,B.  |p 420010077955  |r 2019-08-25 00:00:00  |v 198.00  |w 2019-08-25  |x N:nákup - dotace KFMZ 2002 | 20100831  |y 05 
952 |0 0  |1 0  |4 0  |6 339138ŘEZNÍČEKB  |7 0  |8 BOOK  |9 14060  |a UTBZL  |b UTBZL  |c 006  |d 2006-07-29  |l 16  |m 5  |o 339.138/ŘEZNÍČEK,B.  |p 420010078532  |r 2023-02-24 00:00:00  |s 2023-01-06  |v 198.00  |w 2019-08-25  |x N:nákup | 20100831  |y 04 
952 |0 0  |1 0  |4 0  |6 339138ŘEZNÍČEKB  |7 0  |8 BOOK  |9 14061  |a UTBZL  |b UTBZL  |c 030  |d 2006-07-29  |l 18  |o 339.138/ŘEZNÍČEK,B.  |p 420010078533  |r 2019-08-25 00:00:00  |v 198.00  |w 2019-08-25  |x N:nákup | 20100831  |y 05 
952 |0 0  |1 0  |4 0  |6 339138ŘEZNÍČEKB  |7 0  |8 BOOK  |9 14062  |a UTBZL  |b UTBZL  |c 007  |d 2006-07-29  |l 0  |o 339.138/ŘEZNÍČEK,B.  |p 420010078076  |q 2099-12-31  |r 2019-08-25 00:00:00  |v 198.00  |w 2019-08-25  |x N:nákup | 20100630  |y 08 
952 |0 1  |1 0  |4 0  |6 339138ŘEZNÍČEKB  |7 0  |8 BOOK  |9 14063  |a UTBZL  |b UTBZL  |c 010  |d 2006-07-29  |l 0  |o 339.138/ŘEZNÍČEK,B.  |p 420010075782  |r 2023-08-24 00:00:00  |v 229.00  |w 2019-08-25  |x zastaralé  |y 08 
992 |a BK  |b SK  |d 70 
999 |c 8278  |d 8278